| 000 | 00412cas a2200145 a 4500 | ||
|---|---|---|---|
| 022 | _a1943-7692 | ||
| 040 | _cN@F | ||
| 082 | _a632 PLA 1981 C134 Or. | ||
| 100 | _aAmerican Phytopathological Society, SerialsSolutions | ||
| 245 | 0 | 0 | _aPlant disease |
| 260 |
_aSt. Paul, Minn. : _bAmerican Phytopathological Society |
||
| 650 | 0 | _aPlant diseases | |
| 710 | 2 | _aAmerican Phytopathological Society | |
| 942 | _cAEDBB | ||
| 999 |
_c22465 _d22465 |
||